000 00649nam a2200193 a 4500
005 20141209163531.0
008 140127b2005 ck ||||| |||| 00| 0 spa d
040 _cAproximación al estado de la investigación en plantas
041 _aspa
044 _ack
090 _aIAVH
_b00600
100 _aMendoza S., Javier Eduardo
_929977
245 _aPatrones de distribución de la diversidad de plantas (árboles y arbustos) en la Cuenca Media del río Chambery
260 _aBogotá
_bInstituto Alexander von Humboldt
_c2005
300 _a54 p.
773 _tInformes de investigaciones IAVH en PDF
942 _cINFORME
_2z
945 _d2007-05-23
999 _c5550
_d5550